3 Most Streamed Eminem Songs on Each Album - Statistics

General Stats
  • This quiz has been taken 161 times
    137 since last reset
  • The average score is 22 of 33
Answer Stats
Answer Album Streams % Correct
Without Me The Eminem Show 2,2 Billion
97%
The Real Slim Shady The Marshall Mathers LP 1,8 Billion
96%
Godzilla Music To Be Murdered By 1,5 Billion
95%
Love The Way You Lie Recovery 1,5 Billion
92%
My Name Is The Slim Shady LP 614 Million
92%
Rap God The Marshall Mathers LP 2 1,1 Billion
91%
Mockingbird Encore 1,7 Billion
90%
Till I Collapse The Eminem Show 2 Billion
90%
Houdini The Death of Slim Shady 314 Million
89%
Not Afraid Recovery 1 Billion
87%
Stan The Marshall Mathers LP 1,1 Billion
86%
The Monster The Marshall Mathers LP 2 1 Billion
84%
Venom Kamikaze 804 Million
83%
River Revival 839 Million
75%
The Way I Am The Marshall Mathers LP 419 Million
70%
Superman The Eminem Show 950 Million
69%
Beautiful Relapse 349 Million
62%
Role Model The Slim Shady LP 160 Million
62%
Guilty Conscience The Slim Shady LP 184 Million
61%
Crack a Bottle Relapse 294 Million
60%
Lucky You Kamikaze 718 Million
59%
Just Lose It Encore 272 Million
58%
Like Toy Soldiers Encore 328 Million
58%
Tobey The Death of Slim Shady 55 Million
51%
We Made You Relapse 147 Million
51%
Berzerk The Marshall Mathers LP 2 310 Million
48%
Walk on Water Revival 178 Million
46%
The Ringer Kamikaze 325 Million
43%
No Love Recovery 337 Million
41%
Renaissance The Death of Slim Shady 34 Million
35%
Believe Revival 104 Million
24%
Those Kinda Nights Music To Be Murdered By 167 Million
19%
You Gon' Learn Music To Be Murdered By 154 Million
16%
No matching quizzes found
Score Distribution
Percent of People with Each Score
Percentile by Number Answered
Your Score History
You have not taken this quiz since the last reset